00657 2200181 4500001002100000005001500021035002000036007000300056008003900059082002400098084003000122100001600152245014100168260003300309300002100342650008500363856002700448INLIS00000000000618120240201103947 a0010-0224000021ta240201 | | |  a616. 9 072 598 15 2 a616. 9 072 598 15 2 OK f0 aOKI TRIYADI1 aFAKTOR FAKTOR YANG BERHUBUNGAN DENGAN KEJADIAN PENYAKIT MALARIA DI WILAYAH KERJA PUSKESMAS RIMBO BUJANG II KABUPATEN TEBO /cOKI TRIYADI aJambi :bSTIKES PRIMA,c2015 axv,76.p ;c30 CM 4aFAKTOR FAKTOR YANG BERHUBUNGAN DENGAN KEJADIAN PENYAKIT MALARIA DI WILAYAH KERJA aS1 KESEHATAN MASYRAKAT